000 00527nam a2200193Ia 4500
001 16674
003 GE_BSU
008 181216s||||||||xx |||||||||||||| ||und||
040 _cGE_BSU
080 _a821.353.1-32
245 _aპიესები : [კრებული]
245 _cრედ.ა.კელენჯერიძე
260 _aთბილისი
260 _bსაბლიტგამი
260 _c1955
300 _a428გვ. ; 21სმ.
653 _aპიესები
942 _cBK
999 _c49739
_d49739